Arreglo geográfico de la República Mexicana / (Record no. 97019)

MARC details
000 -CABECERA
campo de control de longitud fija 00587nam a2200181 a 4500
005 - FECHA Y HORA DE LA ÚLTIMA TRANSACCIÓN
campo de control 20231013063620.0
008 - ELEMENTOS DE LONGITUD FIJA--INFORMACIÓN GENERAL
campo de control de longitud fija 991125n1944 mx 000 0 spa u
035 ## - NÚMERO DE CONTROL DEL SISTEMA
Número de control de sistema UPN01000124840
049 ## - COLECCIÓN
Colección LT
050 #4 - SIGNATURA TOPOGRÁFICA DE LA BIBLIOTECA DEL CONGRESO
Número de clasificación LB1583 M6.4
Número de documento/Ítem M6.2 1944
100 1# - ASIENTO PRINCIPAL--NOMBRE PERSONAL
Nombre de persona Monroy Padilla, Salvador
9 (RLIN) 29364
245 10 - MENCIÓN DE TÍTULO
Título Arreglo geográfico de la República Mexicana /
Mención de responsabilidad, etc. Salvador Monroy Padilla.
260 ## - PUBLICACIÓN, DISTRIBUCIÓN, ETC.
Lugar de publicación, distribución, etc. México :
Nombre del editor, distribuidor, etc. [s.n.,
Fecha de publicación, distribución, etc. 1944?].
300 ## - DESCRIPCIÓN FÍSICA
Extensión 90 p. :
Otras características físicas mapas
500 ## - NOTA GENERAL
Nota general "Para el 4o. año de instrucción primaria"
650 #4 - ASIENTO SECUNDARIO DE MATERIA - TERMINO TEMATICO
Término de materia o nombre geográfico como elemento de entrada Geografía
Subdivisión general Estudio y enseñanza (Elemental)
9 (RLIN) 2801
905 ## - TIPO DE MATERIAL
Tipo de material Libro
Holdings
Estado de retiro Estado de pérdida Fuente del sistema de clasificación o colocación Estado dañado No para préstamo Código de colección Localización permanente Ubicación/localización actual Ubicación en estantería Total de préstamos Clasificación Código de barras Fecha visto por última vez Número de copia Tipo de ítem Koha
    Library of Congress Classification   Coleccion LTG Libros de texto Bib. Gregorio Torres Quintero Bib. Gregorio Torres Quintero Libros de Texto   LB1583 M6.4 M6.2 1944 52078 31/12/2020 1 Libro